00933nam a2200193Ia 450000500170000000800410001702000180005805000200007608200060009610000360010224500900013826000330022830000290026149000120029050000870030250400350038950502760042465000390070020231102150800.0120625t20092007mx 001 0 spa d a9789682478253 4aHG4028.C45bN85 2 1 aNuñez Zuñiga, Rafaeleautor10aManual para la evaluación de proyectos de inversiónc / Rafael Núnez Zúñiga aMéxicob : Trillasc, 2007 a144 páginas c : 23 cm aFinazas aReimpresión: 2007, 2009, 2013, 2014 Incluye: índice analítico (pp. 139-144) aBibliografía: (pp. 135-137) 0 aFundamentos conceptuales para elaborar y evaluar proyectos de inversión El proceso de preparación y evaluación de proyectos El estudio de mercado El estudio técnico El estudio económico Integración del proceso de evaluación de proyectos de inversión 14aINVERSION DE CAPITALxEVALUACIÓN